Dret civil vigent a Catalunya / per Antoni M. Borrell i Soler
Descripción Física:
8 v. ; 22 cm
Otros Autores:
Catalunya. Mancomunitat. Oficina d'Estudis Jurídics
Materias:
Dret civil -- Catalunya
Idioma:
Italian
MARC
| LEADER | 00000nam a2200000Ia 4500 | ||
|---|---|---|---|
| 001 | 706, 707, 708, 709, 710, 719, 504, 720 | ||
| 008 | 160829s1923 (Imp. de la Casa de Caritat) xx 000 0 cat d | ||
| 710 | 2 | |a Catalunya. |b Mancomunitat |9 53015 | |
| 856 | 4 | |u https://media.diba.cat/diba/fitxers/arxiu/mancomunitat/bib_720_1923_web.pdf |y Volum 5, segona part | |
| 856 | 4 | |u https://media.diba.cat/diba/fitxers/arxiu/mancomunitat/bib_719_1923_web.pdf |y Volum 4 | |
| 856 | 4 | |u https://media.diba.cat/diba/fitxers/arxiu/mancomunitat/bib_710_1923_web.pdf |y Volum 3, segona part | |
| 856 | 4 | |u https://media.diba.cat/diba/fitxers/arxiu/mancomunitat/bib_709_1923_web.pdf |y Volum 3, primera part | |
| 856 | 4 | |u https://media.diba.cat/diba/fitxers/arxiu/mancomunitat/bib_708_1923_web.pdf |y Volum 2, segona part | |
| 856 | 4 | |u https://media.diba.cat/diba/fitxers/arxiu/mancomunitat/bib_707_1923_web.pdf |y Volum 2, primera part | |
| 856 | 4 | |u https://media.diba.cat/diba/fitxers/arxiu/mancomunitat/bib_706_1923_web.pdf |y Volum 1 | |
| 856 | 4 | |u https://media.diba.cat/diba/fitxers/arxiu/mancomunitat/bib_504_1923_web.pdf |y Volum 5, primera part | |
| 952 | |0 0 |1 0 |4 0 |6 D1103_D1104_D1105_D1106_D1107_D1108_D1109_D1110 |7 1 |9 46508 |a Arxiu |b Arxiu |d 2016-12-01 |l 0 |o D-1-103, D-1-104, D-1-105, D-1-106, D-1-107, D-1-108, D-1-109, D-1-110 |p 706, 707, 708, 709, |r 2016-12-01 00:00:00 |w 2016-12-01 |y ARXIU | ||
| 999 | |c 50299 |d 50299 | ||
| 080 | |a D-1-103, D-1-104, D-1-105, D-1-106, D-1-107, D-1-108, D-1-109, D-1-110 | ||
| 100 | |a Borrell i Soler, Antoni |9 34432 | ||
| 245 | |a Dret civil vigent a Catalunya / per Antoni M. Borrell i Soler | ||
| 260 | |a Barcelona : |b Mancomunitat de Catalunya. Oficina d'Estudis Jurídics, |c 1923 (Imp. de la Casa de Caritat) | ||
| 300 | |a 8 v. ; |c 22 cm | ||
| 590 | |a Conté: v. 1: Preliminars; v. 2 (1a i 2a part): Drets reals; v. 3 (1a part): Obligacions; v. 3 (2a part): Donacions; v. 4: Dret de família; v. 5 (1a i 2a part): Successions per causa de mort. | ||
| 590 | |a Obra premiada per l'Institut d'Estudis Catalans en el primer Concurs Duran i Bas. | ||
| 590 | |a Hi ha un duplicat a: DUP-260 (v.1), DUP-261 (v.2, 1a part), DUP-262 (v.2, 2a part), DUP-263 (v.3, 1a part), DUP-264 (v.3, 2a part), DUP-265 (v.4), DUP-266 (v.5, 1a part), DUP-267 (v.5, 2a part) | ||
| 650 | 0 | |a Dret civil |z Catalunya |9 10507 | |
| 700 | |a Catalunya. Mancomunitat. Oficina d'Estudis Jurídics |9 27010 | ||
| 901 | |a Arxiu | ||
| 942 | |n 1 |2 udc | ||